| 000 | 00357nam a2200133Ia 4500 | ||
|---|---|---|---|
| 008 | 240624s9999 xx 000 0 und d | ||
| 041 | _aeng | ||
| 082 | _a342 AUS | ||
| 100 | _aAUSTIN GRANVILLE | ||
| 245 | _aINDIAN CONSTITUTION CORNERSTONE OF A NAT | ||
| 260 |
_c2013 _aNew Delhi _bOxford India |
||
| 300 | _axxviii, : 488 : p. : cm. ; 22 | ||
| 365 |
_cRS _b30 |
||
| 999 |
_c21673 _d21673 |
||